|
|
|
|
| LEADER |
00000cam a2200000 7i4500 |
| 001 |
0000002485 |
| 005 |
20240912.0 |
| 008 |
991130 my a eng |
| 020 |
|
|
|a 9839903500
|
| 040 |
|
|
|a INS
|b eng
|e rda
|
| 090 |
0 |
0 |
|a RHF5430
|b .T792 1995
|
| 245 |
0 |
0 |
|a Trends of shopping centre development in greater Klang Valley towards 2005
|
| 264 |
|
1 |
|a Kuala Lumpur :
|b Raine & Horne International Zaki & Partner
|c 1995
|
| 300 |
|
|
|a xii, 139 pages :
|b colour illustrations ;
|c 31 cm.
|
| 336 |
|
|
|a text
|2 rdacontent
|
| 337 |
|
|
|a unmediated
|2 rdamedia
|
| 338 |
|
|
|a volume
|2 rdacarrier
|
| 500 |
|
|
|a Includes index
|
| 650 |
|
0 |
|a Shopping centres
|z Klang Valley
|
| 999 |
|
|
|a 0000006223
|b BOOK
|c Red Spot
|e Default branch
|
| 999 |
|
|
|a 0000006690
|b BOOK
|c Red Spot
|e Default branch
|
| 999 |
|
|
|a 0000006691
|b BOOK
|c Red Spot
|e Default branch
|
| 999 |
|
|
|a 0000014589
|b BOOK
|c Red Spot
|e Default branch
|